Unit operations of sanitary engineering (Record no. 24058)

000 -LEADER
fixed length control field 00505nam a22001931a 4500
001 - CONTROL NUMBER
control field 24058
003 - CONTROL NUMBER IDENTIFIER
control field BD-DhUET
008 - FIXED-LENGTH DATA ELEMENTS--GENERAL INFORMATION
fixed length control field 750916s1961 nyua b 001 0 eng
040 ## - CATALOGING SOURCE
Original cataloging agency DLC
Transcribing agency FMU
Modifying agency BD-DhUET
082 ## - DEWEY DECIMAL CLASSIFICATION NUMBER
Classification number 628
Item number RIC/1961
100 ## - MAIN ENTRY--PERSONAL NAME
Personal name Rich, Linvil G.
245 10 - TITLE STATEMENT
Title Unit operations of sanitary engineering
250 ## - EDITION STATEMENT
Edition statement 1st ed.
260 ## - PUBLICATION, DISTRIBUTION, ETC. (IMPRINT)
Place of publication, distribution, etc. New York
Name of publisher, distributor, etc. John Wiley
Date of publication, distribution, etc. 1961
300 ## - PHYSICAL DESCRIPTION
Extent xi, 308 p.
Other physical details ill.
Dimensions 24 cm.
504 ## - BIBLIOGRAPHY, ETC. NOTE
Bibliography, etc Includes bibliographies
650 #0 - SUBJECT ADDED ENTRY--TOPICAL TERM
Topical term or geographic name as entry element Sanitary Engineering
942 ## - ADDED ENTRY ELEMENTS (KOHA)
Koha item type General Book
Holdings
Koha full call number Sublocation or collection (holding branch) Not for loan Damaged status Copy number Price effective from Shelving location Koha date last seen Koha item type Lost status Date acquired Withdrawn status Location (home branch) Koha normalized classification for sorting Source of classification or shelving scheme Piece designation (barcode)
628/RIC/1961Central Library, BUET  12015-05-06Circulation section2015-05-06General Book 2015-05-06 Central Library, BUET628_000000000000000_RIC_1961 25023
628/RIC/1961Central Library, BUET  22015-05-07Circulation section2015-05-07General Book 2015-05-07 Central Library, BUET628_000000000000000_RIC_1961 11959
628/RIC/1961Central Library, BUET  32015-05-09Circulation section2015-05-09General Book 2015-05-09 Central Library, BUET628_000000000000000_RIC_1961 20121
628/RIC/1961Central Library, BUET  42015-05-09Circulation section2015-05-09General Book 2015-05-09 Central Library, BUET628_000000000000000_RIC_1961 14703
628/RIC/1961Central Library, BUET  52015-05-09Circulation section2015-05-09General Book 2015-05-09 Central Library, BUET628_000000000000000_RIC_1961 25024
628/RIC/1961Central Library, BUET  62015-05-09Circulation section2015-05-09General Book 2015-05-09 Central Library, BUET628_000000000000000_RIC_1961 20120